000 00779nam a22002417a 4500
005 20250415100022.0
008 250415b |||||||| |||| 00| 0 eng d
020 _a978-1-032-82619-6 (hbk)
037 _cTB
040 _aAL
_cAL
041 _2eng
_aeng
084 _aY72(J).26214 R4
_qAL
100 _aKhan, Saqib
_9752264
245 _aTribe-class linkages:
_bHistory and politics of the Agrarian movement in Tripura
260 _aLondon, UK:
_bRoutledge,
_c2024.
300 _a187p.
365 _b1295.00
_cINR
650 _aSociology
650 _aTribe
_9752265
650 _aAgriculture
942 _2CC
_cTB
_hY72(J).26214 R4
_n0
999 _c1308972
_d1308972